00393nam a2200157Ia 4500008004100000020001500041041000800056082001500064100001800079245003300097260004400130300001500174365001300189650001400202650001900216210423s2008 xx 000 0 und d a9785210049 aeng a339.3 FULN aFULLER (Neil) aPrinciples of macroeconomics aNew DelhibOverseas Press Pvt Ltdc2008 aiv,204bPB b245cINR aEconomics aMacroeconomics